Ticket to Ride Europe -kaupungit kartalla - Statistics

Yleistilastot
  • Tätä visaa on pelattu 38 kertaa
  • Keskiarvotulos 16 / 46
Vastaukset kartalla
Vastauksille on annettu kartalla punavihreä väri sen mukaan, kuinka moni on saanut sen oikein.
 
Vastaustilastot
Vastaus % Oikein
Lisboa
77%
Madrid
77%
Amsterdam
71%
London
71%
Edinburgh
65%
Paris
65%
Berlin
58%
Stockholm
58%
København
52%
Marseille
52%
Roma
52%
Bruxelles
48%
München
48%
Wien
48%
Frankfurt
45%
Venezia
45%
Budapest
42%
Athína
35%
Riga
35%
Sarajevo
35%
Zürich
35%
Essen
32%
Moskva
32%
Sofia
32%
Kyiv
29%
Zágrab
29%
Bucuresti
26%
Palermo
26%
Warszawa
26%
Brest
23%
Pamplona
23%
Wilno
23%
Angora
19%
Petrograd
19%
Cadiz
16%
Constantinople
16%
Brindisi
13%
Danzig
13%
Dieppe
13%
Kharkov
13%
Erzurum
10%
Sevastopol
10%
Sochi
10%
Smolensk
6%
Smyrna
6%
Rostov
3%
Ehtoja vastaavia visoja ei löytynyt
Tulosjakauma
Jokaisen tuloksen saaneiden osuus
Persentiili vastausten määrän mukaan
Tuloshistoriasi
Et ole pelannut tätä visaa